000 00892nmm a2200289 a 4500
001 ocm000578320
003 TR-IsHL
005 20201028123052.0
008 110704s2007 tu tur
007 cr cn
020 _a9789756186183
035 _a578320
_b(N$T)
050 0 4 _aCB78
_b.G37 2007
090 0 4 _aCB78
_b.G37 2007
100 1 _aGaraudy, Roger
245 1 0 _aİnsanlığın medeniyet destanı
_h[electronic resource] /
_cRoger Garaudy ; çev. Cemal Aydın
250 _a2. bs.
260 _aİstanbul :
_bTürk Edebiyatı Vakfı Yayınları,
_c2007
300 _a208 p.
650 4 _aTarih
650 4 _aHistory
650 0 _aMedeniyet
_x Tarih
650 0 _aCivilization
_x History
650 7 _aHISTORY / Civilization
_2bisacsh
700 1 _aAydın, Cemal
856 4 0 _uhttp://search.ebscohost.com/login.aspx?direct=true&scope=site&db=e011xww&AN=578320
999 _c2207
_d2207